<The> EU Award of the Product Security for the Year 2019
Ceny EÚ za bezpečnosť výrobkov 2019 (predaj online, výrobky určené na starostlivosť o dieťa). Faktory a metódy spotrebiteľského správania.
Saved in:
| Main Author: | |
|---|---|
| Other Authors: | |
| Format: | Book Chapter |
| Language: | Slovak |
| Subjects: | |
| Tags: |
No Tags, Be the first to tag this record!
|
MARC
| LEADER | 00000naa$a2200000$$$4500 | ||
|---|---|---|---|
| 001 | 0261156 | ||
| 005 | 20240523122214.3 | ||
| 041 | 0 | |a slo | |
| 044 | |a CZ | ||
| 245 | 1 | 0 | |a <The> EU Award of the Product Security for the Year 2019 |c Gabriela Dubcová, Natália Tarišková |
| 520 | |a Ceny EÚ za bezpečnosť výrobkov 2019 (predaj online, výrobky určené na starostlivosť o dieťa). Faktory a metódy spotrebiteľského správania. | ||
| 610 | 2 | 0 | |a ochrana spotrebiteľa |
| 610 | 2 | 0 | |a bezpečnosť výrobkov |
| 610 | 2 | 0 | |a správanie spotrebiteľa |
| 610 | 2 | 0 | |a obchod elektronický |
| 610 | 2 | 0 | |a deti |
| 100 | 1 | |a Dubcová, Gabriela, 1968- | |
| 700 | 1 | |a Tarišková, Natália, 1973- | |